<?xml version="1.0" encoding="UTF-8"?>
<record
    xmlns:xsi="http://www.w3.org/2001/XMLSchema-instance"
    xsi:schemaLocation="http://www.loc.gov/MARC21/slim http://www.loc.gov/standards/marcxml/schema/MARC21slim.xsd"
    xmlns="http://www.loc.gov/MARC21/slim">

  <leader>01541nam a2200325 i 4500</leader>
  <controlfield tag="001">5232260</controlfield>
  <controlfield tag="003">CZ PrSKC</controlfield>
  <controlfield tag="005">20260429111006.0</controlfield>
  <controlfield tag="007">ta</controlfield>
  <controlfield tag="008">260420s2026    xr     g      000 f cze  </controlfield>
  <datafield tag="020" ind1=" " ind2=" ">
    <subfield code="a">9788027924622</subfield>
  </datafield>
  <datafield tag="040" ind1=" " ind2=" ">
    <subfield code="a">ABG001</subfield>
    <subfield code="b">cze</subfield>
    <subfield code="e">rda</subfield>
  </datafield>
  <datafield tag="072" ind1=" " ind2="7">
    <subfield code="a">821.162.3-3</subfield>
    <subfield code="x">&#x10C;esk&#xE1; pr&#xF3;za</subfield>
    <subfield code="2">Konspekt</subfield>
  </datafield>
  <datafield tag="080" ind1=" " ind2=" ">
    <subfield code="a">821.162.3-31</subfield>
    <subfield code="2">MRF</subfield>
  </datafield>
  <datafield tag="080" ind1=" " ind2=" ">
    <subfield code="a">(0:82-312.4)</subfield>
    <subfield code="2">MRF</subfield>
  </datafield>
  <datafield tag="100" ind1="1" ind2=" ">
    <subfield code="a">Novotn&#xE1;, Martina,</subfield>
    <subfield code="d">1983-</subfield>
    <subfield code="4">aut</subfield>
    <subfield code="9">17516</subfield>
  </datafield>
  <datafield tag="245" ind1="1" ind2="0">
    <subfield code="a">Vra&#x17E;edn&#xE9; ego /</subfield>
    <subfield code="c">Martina Novotn&#xE1;</subfield>
  </datafield>
  <datafield tag="250" ind1=" " ind2=" ">
    <subfield code="a">Vyd&#xE1;n&#xED; prvn&#xED;</subfield>
  </datafield>
  <datafield tag="264" ind1=" " ind2="1">
    <subfield code="a">Brno :</subfield>
    <subfield code="b">MOBA,</subfield>
    <subfield code="c">2026</subfield>
  </datafield>
  <datafield tag="300" ind1=" " ind2=" ">
    <subfield code="a">267 stran ;</subfield>
    <subfield code="c">19 cm</subfield>
  </datafield>
  <datafield tag="490" ind1="1" ind2=" ">
    <subfield code="a">P&#x16F;vodn&#xED; &#x10D;esk&#xE1; detektivka ;</subfield>
    <subfield code="v">437. svazek</subfield>
  </datafield>
  <datafield tag="520" ind1="2" ind2=" ">
    <subfield code="a">Detektivn&#xED; rom&#xE1;n &#xFA;sp&#x11B;&#x161;n&#xE9; autorky je dal&#x161;&#xED; ze s&#xE9;rie, ve kter&#xE9; zlo&#x10D;iny na Nymbursku op&#x11B;t vy&#x161;et&#x159;uje zn&#xE1;m&#xE1; dvojice kriminalist&#x16F;.</subfield>
    <subfield code="b">Co to tam je? N&#x11B;jak&#xE1; mikina &#x10D;i co. To je hr&#x16F;za, co v&#x161;echno lid&#xE9; hod&#xED; do vody!&#x201C; Probl&#xE9;m je ov&#x161;em v tom, &#x17E;e ona mikina nen&#xED; pr&#xE1;zdn&#xE1;. M&#xE1; ji na sob&#x11B; oble&#x10D;enou mu&#x17E;, jeho&#x17E; t&#x11B;lo bezvl&#xE1;dn&#x11B; spl&#xFD;v&#xE1; na hladin&#x11B; &#x159;eky Labe prot&#xE9;kaj&#xED;c&#xED; kr&#xE1;lovsk&#xFD;m m&#x11B;stem Nymburkem. Pro kapit&#xE1;na P&#x159;ibyla a poru&#x10D;&#xED;ka Dvo&#x159;&#xE1;ka tak za&#x10D;&#xED;n&#xE1; nov&#xFD; p&#x159;&#xED;pad. Mus&#xED; zjistit, zda se onen utopenec do &#x159;eky dostal s&#xE1;m, anebo mu tam n&#x11B;kdo pomohl. A pokud ano, tak kdo, a hlavn&#x11B; pro&#x10D;? Nakladatelsk&#xE1; anotace.</subfield>
  </datafield>
  <datafield tag="655" ind1=" " ind2="7">
    <subfield code="a">&#x10D;esk&#xE9; rom&#xE1;ny</subfield>
  </datafield>
  <datafield tag="655" ind1=" " ind2="7">
    <subfield code="a">detektivn&#xED; rom&#xE1;ny</subfield>
  </datafield>
  <datafield tag="655" ind1=" " ind2="9">
    <subfield code="a">Czech fiction</subfield>
  </datafield>
  <datafield tag="655" ind1=" " ind2="9">
    <subfield code="a">detective novels</subfield>
  </datafield>
  <datafield tag="710" ind1="2" ind2=" ">
    <subfield code="a">Nakladatelstv&#xED; MOBA</subfield>
    <subfield code="4">pbl</subfield>
    <subfield code="9">20521</subfield>
  </datafield>
  <datafield tag="910" ind1=" " ind2=" ">
    <subfield code="a">ABG508</subfield>
  </datafield>
  <datafield tag="952" ind1=" " ind2=" ">
    <subfield code="1">0</subfield>
    <subfield code="2">udc</subfield>
    <subfield code="4">0</subfield>
    <subfield code="0"></subfield>
  </datafield>
  <datafield tag="999" ind1=" " ind2=" ">
    <subfield code="c">34240</subfield>
    <subfield code="d">34240</subfield>
  </datafield>
</record>
